[Event "Vidmar Memorial 16th"]
[Site "Portoroz"]
[Date "2005.07.15"]
[Round "7"]
[White "Pavasovic, Dusko"]
[Black "Bartel, Mateusz"]
[Result "1/2-1/2"]
[WhiteElo "2566"]
[BlackElo "2540"]
[Annotator "Postny,E"]
[PlyCount "64"]
[EventDate "2005.07.09"]
[EventType "tourn"]
[EventRounds "9"]
[EventCountry "SLO"]
[EventCategory "12"]
[SourceTitle "CBM 108"]
[Source "ChessBase"]
[SourceDate "2005.09.26"]
[SourceVersion "1"]
[SourceVersionDate "2005.09.26"]
[SourceQuality "1"]

1. e4 e6 2. d4 d5 3. Nd2 Nf6 4. e5 Nfd7 5. Bd3 c5 6. c3 Nc6 7. Ngf3 {This line
is more committing (for both sides!), compared to the solid 7.Ne2.} Be7 8. O-O
g5 {A theoretical and a typical "French" push directed to destroy white's
pawns chain in the centre.} 9. dxc5 Ndxe5 ({The alternatives are:} 9... g4 {
followed by 10...Ndxe5}) ({and} 9... Nxc5) 10. Nxe5 (10. Bb5 Bd7 11. Qe2 Qc7
12. Re1 Ng6 13. Nb3 g4 14. Nfd4 e5 15. Nc2 a6 16. Ba4 h5 17. Rd1 O-O-O 18. Rxd5
Nd4 19. Bxd7+ Rxd7 20. cxd4 Rxd5 21. Nb4 Rdd8 22. d5 a5 23. d6 Bxd6 24. cxd6
Qxd6 25. Bg5 axb4 26. Bxd8 Rxd8 $17 {0-1 Rublevsky,S-Volkov,S/Ohrid 2001 (40)})
10... Nxe5 11. Nb3 {White does not mind to give his light-squared bishop and
plays for a quick development.} (11. Bb5+ Bd7 12. Bxd7+ Nxd7 13. b4 b6 14. c4
dxc4 15. Nxc4 bxc5 16. Nd6+ Bxd6 17. Qxd6 Qb6 18. Qg3 cxb4 19. Qxg5 Qc5 20. Qg3
$36 {[%csl Re8] 1-0 Rublevsky,S-Morozevich,A/Togliatti 2003 (32)}) 11... Nxd3 (
11... Bd7 12. f4 Nxd3 13. Qxd3 h6 14. Be3 Qc7 15. Bd4 O-O-O (15... Rf8 {
- Hracek,Z-Stellwagen,D/Bundesliga 2005/CBM 107 [Finkel,A]}) 16. Be5 Bxc5+ 17.
Nxc5 Qxc5+ 18. Bd4 Bb5 19. Qe3 Qc6 20. Bxh8 Bxf1 21. Bf6 $18 {1-0 Ramesh,
R-Bigg,A/Port Erin 2004 (23)}) 12. Qxd3 e5 13. Qe2 Qc7 $1 $146 {[%mdl 8] This
is an improvement, since the other way to defend Pe5 was convincigly refuted
in the following game:} (13... f6 14. Qh5+ Kf8 15. h4 Kg7 16. hxg5 fxg5 17. Re1
Bf6 18. Rxe5 Bxe5 19. Bxg5 Qe8 20. Bh6+ Kf6 21. Qg5+ Kf7 22. Re1 Rg8 23. Qh5+
Kf6 24. Qh4+ Kg6 25. Bf4 Bxf4 26. Rxe8 Rxe8 27. Qxf4 $18 {1-0 Degraeve,J-Pert,
N/Montpellier 2003 (37)}) 14. Re1 (14. Qh5 $6 h6) 14... e4 (14... f6 $6 15.
Qh5+ {and black loses his right to castle.}) 15. c4 ({Another attempt of
breaking throw deserves further investigation as well:} 15. f3 Bf5 16. Nd4 Bxc5
17. Be3 Bg6 18. Qb5+ Kf8 19. Rad1 $44) 15... Be6 16. Nd4 Bxc5 17. cxd5 (17.
Nxe6 $5 fxe6 18. cxd5 exd5 19. Bxg5 O-O 20. Be3 $14) 17... Bxd5 18. Qb5+ Kf8
19. Be3 (19. Bxg5 Qb6 {forcing the exchange of queens, after which black is
okay.}) 19... a6 20. Qa4 $6 {White's play should be more tempting in this case.
} (20. Ne6+ fxe6 $1 (20... Bxe6 21. Bxc5+ Kg8 22. Qb4 $36 {[%csl Rg8,Rh8]}) 21.
Bxc5+ Kf7 22. Qb4 $14 {Black's extra pawn has no real significance, while his
king is unsafe.}) 20... b5 21. Qd1 Qd7 $1 22. Bxg5 Rg8 23. Bh6+ Ke8 {White
gained back the pawn, but black has now a counterplay on the "g" file which
compensates the apparent drawbacks of his position.} 24. Be3 Rd8 25. Qh5 Bxd4
26. Bxd4 Qg4 27. Qxg4 Rxg4 $11 28. Bf6 Rd6 29. f3 Rg6 30. fxe4 Bb7 31. Bc3 Rde6
{Black wins the pawn back. The position is drawish.} 32. g3 Rxe4 1/2-1/2

[Event "Bundesliga 0506"]
[Site "Germany"]
[Date "2005.10.23"]
[Round "2.7"]
[White "Lemmers, Oscar"]
[Black "Knaak, Rainer"]
[Result "1-0"]
[WhiteElo "2425"]
[BlackElo "2487"]
[Annotator "Postny,E"]
[PlyCount "81"]
[EventDate "2005.10.21"]
[EventType "team-tourn"]
[EventRounds "15"]
[EventCountry "GER"]
[SourceTitle "CBM 110"]
[Source "ChessBase"]
[SourceDate "2006.01.31"]
[SourceVersion "1"]
[SourceVersionDate "2006.01.31"]
[SourceQuality "1"]
[WhiteTeam "Wattenscheid"]
[BlackTeam "Werder Bremen"]
[WhiteTeamCountry "GER"]
[BlackTeamCountry "GER"]

1. e4 e6 2. d4 d5 3. Nd2 c5 4. Ngf3 (4. exd5 {is another main line.}) 4... Nf6
5. e5 Nfd7 6. c3 Nc6 7. Bd3 g6 {This move is a playable way to avoid the main
French stuff.} ({The main alternatives are:} 7... Qb6) ({and} 7... Be7) 8. h4 (
{Another main reply is the immediate castling:} 8. O-O) 8... h6 (8... Be7 9.
O-O h6 10. Re1 cxd4 11. cxd4 Bxh4 12. Nxh4 Qxh4 13. Nf3 Qe7 14. Be3 Nb6 15. Rc1
Bd7 16. a3 O-O-O 17. b4 Kb8 18. Bd2 $44 {1/2-1/2 Navara,D-Gurevich,M/Antalya
2004 (75)}) (8... Qb6 {This is the most popular continuation, which leads to
an extremely complicated stuff. For example:} 9. h5 g5 10. Nxg5 cxd4 11. cxd4
Nxd4 12. Ndf3 Nxf3+ 13. Nxf3 h6 14. O-O Qb4 15. Be3 Nc5 16. Nd4 Nxd3 17. Qxd3
Bd7 18. b3 Bg7 19. f4 $14 {1-0 Smirin,I-Gurevich,M/Dos Hermanas 2001 (55)}) 9.
O-O (9. a3 {This move covers the b4 square, but this also might turn out as a
loss of tempo...} Qb6 (9... a5 10. O-O g5 11. hxg5 hxg5 12. g4 Qb6 13. Qa4 Be7
14. Re1 Qc7 15. Nf1 Rg8 16. Ng3 c4 17. Bh7 Rg7 18. Bb1 Nf8 19. Nh5 Rg8 20. Be3
Bd7 21. Qd1 O-O-O 22. Qd2 $16 {[%csl Rg5] 1-0 Timofeev,A-Dizdar,G/Gothenburg
2005 (65)}) 10. O-O g5 $1 {This push is very typical for "French", but in this
concrete case didn't appear before. It looks like this game will force white
to find a better ways of fighting for an opening advantage...} 11. hxg5 $6 {
White should not open the "h" file.} (11. dxc5 $6 Nxc5 12. Bc2 Bg7 {[%csl Re5]
and black looks fine.}) ({Comes to consideration} 11. b4 cxd4 12. cxd4 g4 13.
Nh2 Qxd4 14. Nb3 Qxe5 15. Nxg4 $44) 11... hxg5 12. Nxg5 cxd4 13. cxd4 Qxd4 $1 {
This capture is better than 13...Nxd4. Black's queen should be transfered to
the kingside.} 14. Ndf3 Qg4 $1 15. Nxf7 $1 Rg8 (15... Kxf7 $4 16. Ng5+ $18 {
[%csl Rg4]}) 16. N7g5 $6 ({Objectively better would have been} 16. N3g5 Qxd1
17. Rxd1 Ndxe5 18. Bh7 Rg7 19. Nxe5 Nxe5 20. Re1 Bd6 $15) 16... Ndxe5 17. Be2
Nxf3+ 18. Bxf3 Qh4 $17 {0-1 Perunovic,M (2559)-Berg,E (2539)/Gothenburg 2005/
CBM 109_01/[Postny,E] (33)}) 9... Qb6 $6 {This move seems to be the source of
black's troubles.} (9... g5 $5 10. h5 Qb6 11. c4 cxd4 12. cxd5 exd5 13. Nb3 Bg7
14. Nfxd4 Nxd4 15. Be3 Bxe5 16. Re1 O-O 17. Nxd4 Qf6 18. Rc1 $44 {1/2-1/2
Zhang Pengxiang-Gurevich,M/Hoogeveen 2004 (42)}) 10. dxc5 $1 {White's play
must be tempting in this opening line.} Qc7 $146 (10... Nxc5 11. Nb3 Nxd3 12.
Qxd3 Bg7 13. Re1 Bd7 14. Be3 Qc7 15. Bc5 $16 {1-0 Tseitlin,M (2496)-Jurek,J 
(2336)/Biel 1999/EXT 2000 (33)}) 11. Nb3 Ndxe5 12. Bf4 {Black destroyed
white's central pawns, but his troubles actually only begin, due to a serious
lag in development and the unsafe position of his king.} Bg7 13. Re1 Nxf3+ (
13... g5 14. Bh2 $1 g4 15. Nfd4 Qe7 16. Nxc6 Nxc6 17. Qxg4 $16) 14. Qxf3 e5 15.
Bg3 (15. Qxd5 $4 Be6 {[%csl Rd5,Rf4]}) 15... O-O {Black is not able to keep
his centre anyway.} (15... Be6 16. Nd4 Qd7 17. Bxe5 $1 (17. Nxc6 $2 e4 $1 $132)
17... Bxe5 (17... Nxe5 18. Rxe5 $18 {[%cal Cg7e5,Gd3b5]}) 18. Nxc6 Bxc3 19.
bxc3 Qxc6 20. Bxg6 O-O-O (20... fxg6 $2 21. Qf6 Kd7 22. Qg7+ $18) 21. Bxf7 Bxf7
22. Qxf7 Qxc5 23. Rab1 $18) 16. h5 $2 {White decided to shake black's king
residence before capturing the Pd5. However, black could now use the moment
and keep his vital central pawns...} (16. Qxd5 Be6 17. Qf3 Rad8 18. h5 {
and white is nearly winning.}) 16... gxh5 $2 (16... Be6 17. Nd4 Qd7 18. Nxc6 e4
$1 {and black is fine. Both players probably missed this intermediate move.})
17. Qxd5 Be6 18. Qf3 $16 h4 $1 {Distracting white's bishop from the diagonal
h2-b8 is black's best chance.} 19. Bxh4 f5 20. Qe2 {Black's compensation for
the pawn is not sufficient. His central pawns are not really mobile, since
every advance of it will give white's pieces additional outposts.} Qf7 21. Nd2
Kh8 (21... e4 $2 22. f3 {[%cal Of3e4,Ce4d3,Ge2e6]}) 22. Bc4 (22. Nc4 $6 e4 23.
Nd6 Qg6 24. Bc2 Ne5 $132) 22... Rae8 23. Rad1 $6 ({It was stronger to bring
the knight to d6 at the first place:} 23. Bxe6 Rxe6 24. Nc4) 23... Rg8 24. Bxe6
(24. Bg3 $5) 24... Rxe6 25. Nc4 {The knight is heading to a great d6
stronghold.} Bf8 26. Nd6 Qg6 27. Qf3 e4 28. Qg3 Qh7 $2 ({It was necessary to
bring the knight into the battle as soon as possible:} 28... Ne5 29. Qxg6 Rexg6
30. Nxf5 Nf3+ 31. Kf1 Nxe1 32. Rxe1 Bxc5 33. Rxe4 Rxg2 34. Nxh6 Rg1+ 35. Ke2
Rf8 $132) 29. Qh3 $18 {[%csl Rf5]} Ne5 30. Bg3 Ng4 31. Rd5 Bxd6 32. cxd6 Qf7
33. Qh4 $2 (33. Bf4 $18) 33... f4 34. Bxf4 $4 {I suppose, that both players
were in severe time-trouble.} (34. d7 fxg3 35. Qxg3 e3 36. fxe3 Rxe3 37. Rxe3
Qxd5 38. Rd3 Qc5+ 39. Rd4 Kh7 40. Qxg4 Rxg4 41. d8=Q {and white should win.})
34... Qxf4 35. d7 e3 $4 {The finish of this game is rather dramatic.} (35...
Rd6 36. Rdd1 Rd2 $1 $19) 36. f3 {Now white is on top again.} Rd6 37. Rxd6 Qxd6
38. fxg4 Kh7 39. Rxe3 Rg5 40. Qe1 $1 Rg7 41. Qb1+ 1-0

[Event "FRA-ch49"]
[Site "Chambery"]
[Date "1974.08.30"]
[Round "11"]
[White "Goldenberg, Richard"]
[Black "Seret, Jean Luc"]
[Result "0-1"]
[WhiteElo "2300"]
[BlackElo "2400"]
[Annotator "Primel,D"]
[PlyCount "70"]
[EventDate "1974.08.20"]
[EventType "swiss"]
[EventRounds "11"]
[EventCountry "FRA"]
[SourceTitle "EXT 2021"]
[Source "ChessBase"]
[SourceDate "2020.10.23"]
[SourceVersion "1"]
[SourceVersionDate "2020.10.23"]
[SourceQuality "1"]

1. e4 {Pour cette dernière ronde, la partie était à enjeu car il y avait
une place sur le podium} e6 2. d4 d5 3. Nd2 Nf6 4. e5 Nfd7 5. Bd3 c5 6. c3 Nc6
7. Ne2 f6 {Nimzovitch préconisait d'attaquer la chaine à la base et cd4 est
la variante principale mais depuis Nimzovitch la théorie a évolué} (7...
cxd4) (7... Qb6) 8. Nf4 (8. exf6 Nxf6 9. O-O (9. Nf3)) 8... Qe7 9. Nf3 (9. exf6
Qxf6 10. Nf3 cxd4 11. O-O Nde5 12. Nxe5 Nxe5 13. Bb5+ Bd7 14. Bxd7+ Kxd7 15.
Re1 Re8 16. cxd4 Nc6 17. Be3 Bd6 18. Ne2 Re7 19. Rc1 Ke8 20. Qd2 h6 21. Red1
Kf7 22. Bf4 Bxf4 23. Nxf4 Rc8 24. Rc3 Kg8 25. h4 Rf7 26. g3 g5 27. hxg5 hxg5
28. Nh3 Rg7 29. Kg2 Rf8 30. Re3 Qf5 31. Rde1 Rf6 32. f3 g4 33. Nf4 gxf3+ 34.
Rxf3 Rh6 35. Qd3 Qg4 36. Rg1 Rgh7 37. Kf2 Rh2+ 38. Rg2 Rxg2+ {Keres,P-Czerniak,
M Helsinki 1952 1/2-1/2 (90)}) 9... fxe5 10. Ng6 $5 {Une idée de Tukmakov}
hxg6 11. Bxg6+ Kd8 12. Bg5 Nf6 13. dxe5 Kc7 14. O-O (14. exf6 $2 gxf6 15. Be3
f5 16. Bg5 Qg7 $17 {[%csl Rg6]}) 14... Qd8 $146 (14... Bd7 15. b4 c4 16. b5 Na5
17. Re1 Qd8 18. Qd4 Be7 19. exf6 gxf6 20. Bf4+ Kc8 21. Bf7 e5 22. Nxe5 fxe5 23.
Qxe5 Bc5 24. Qxd5 Qb6 25. Rad1 {1-0 (25) Tukmakov,V-Zilberman,N Kiev 1966}) 15.
Re1 Be7 16. exf6 gxf6 17. Bf4+ e5 $1 $17 {[%csl Gd5,Ge5] Le centre Noir est
trés fort et il n'est pas facile d'attaquer le K Noir} 18. Nxe5 $1 (18. Bg3
Qg8 {[%cal Gg8g6,Gg8d5]}) 18... fxe5 19. Rxe5 $1 Nxe5 20. Bxe5+ {Même si
intrinsèquement l'attaque Blanche est insuffisante, devant l'échiquier c'est
une autre histoire et les Noirs doivent jouer précisémment tant qu'il n'ont
pas le temps de jouer Be6} Kc6 (20... Bd6 {Semblait plus simple mais les
Blancs ont des ressources tactiques} 21. Qxd5 $1 (21. Bxd6+ Qxd6 {[%cal Gd6g6,
Gd6h2]}) (21. Bxh8 Qxh8 22. h3 Bxh3 $1 {[%cal Ga8g8]}) 21... Qe7 (21... Bxe5
22. Qxc5+ Kb8 23. Qxe5+ Qc7 {[%cal Gc7h2]} 24. Qxh8) 22. Qxc5+ $1 Kb8 (22...
Kd7) 23. Bxd6+) 21. c4 dxc4 22. Qa4+ Kb6 {[%csl Ra1,Gc4,Gc5] Sans la Ra1 en
attaque, il est difficile de mater car paradoxalement les P isolés sur la
colonne "c" controlent des cases importantes} (22... b5 $2 23. Be4+) 23. b4 $1
{Richard GOLDENBERG était un des meilleurs joueurs français à l'époque et
il comprend bien la position} a6 (23... cxb4 24. Rb1 a5 25. a3 b3 26. Rxb3+
cxb3 27. Qxb3+ Kc6 28. Qc4+ Bc5 $19) 24. bxc5+ Ka7 $1 {[%csl Ga7]} 25. Rd1 Qg8
$1 $19 {[%cal Gg8c4,Gg8g6,Gc8h3,Gg8g2]} 26. Be4 Bxc5 27. Qa5 Bb6 28. Qc3 Rh3 $3
{Il n'est pas facile après une longue défense des Noirs de trouver ce genre
de parade} 29. Qb4 Qg4 $1 {[%cal Gg4d1,Gg4e4]} 30. Rb1 Rb3 $3 {Non seulement
la défense est spectaculaire mais elle est esthétique.  Au surplus, les
coups "longs" sont toujours difficiles à trouver} 31. axb3 Qxe4 {[%cal Ge4e5]}
32. bxc4 Ba5 $1 {[%csl Rb1]} 33. Qc5+ $1 b6 34. Qe7+ Bb7 35. Rd1 $4 $138 Qxg2#
{Quelle partie! Cette victoire permet à Jean-Luc SERET de terminer second du
Championnat et battu seulement par LETZELTER au départage.} 0-1

[Event "Rohde op 12th"]
[Site "Sautron"]
[Date "2012.10.28"]
[Round "2"]
[White "Bedouin, Xavier"]
[Black "Gleizerov, Evgeny"]
[Result "0-1"]
[WhiteElo "2414"]
[BlackElo "2564"]
[Annotator "Primel,D"]
[PlyCount "122"]
[EventDate "2012.10.27"]
[EventType "swiss"]
[EventRounds "9"]
[EventCountry "FRA"]
[SourceTitle "EXT 2014"]
[Source "ChessBase"]
[SourceDate "2013.11.20"]
[SourceVersion "1"]
[SourceVersionDate "2013.11.20"]
[SourceQuality "1"]
[TimeControl "40/5400+30:1800+30"]
[WhiteClock "1:30:00"]
[BlackClock "1:30:00"]

1. e4 {[%emt 0:01:47]} e6 {[%emt 0:00:00]} 2. d4 {[%emt 0:00:14]} d5 {[%emt 0:
00:00]} 3. Nd2 {[%emt 0:00:11]} Nf6 {[%emt 0:00:00]} 4. e5 {[%emt 0:00:15]}
Nfd7 {[%emt 0:00:00]} 5. c3 {[%emt 0:00:10]} c5 {[%emt 0:00:03]} 6. Bd3 {
[%emt 0:00:20]} Nc6 {[%emt 0:00:05]} 7. Ne2 {[%emt 0:00:15]} cxd4 {[%emt 0:00:
07]} 8. cxd4 {[%emt 0:00:09]} f6 {[%emt 0:00:04]} 9. exf6 {[%emt 0:00:41]} Qxf6
{[%emt 0:00:06]} (9... Nxf6 {La grande ligne} 10. Nf3 Bd6 11. O-O O-O (11...
Qc7) 12. Bf4 {Nikolenko,O (2475)-Gleizerov,E (2520) POL-chT Lubniewice 1994 (8)
1/2}) 10. Nf3 {[%emt 0:00:54]} h6 {[%emt 0:00:08]} 11. O-O {[%emt 0:00:52]} Bd6
{[%emt 0:00:05]} 12. Ng3 {[%emt 0:00:45]} O-O {[%emt 0:00:06]} 13. Bc2 {
[%emt 0:01:53]} Rf7 {[%emt 0:00:46]} 14. Nh5 {[%emt 0:02:16]} Qd8 {[%emt 0:00:
22]} 15. Bg6 {[%emt 0:00:42]} Re7 {[%emt 0:00:07]} 16. Bf4 {[%emt 0:00:53]} Nf8
{[%emt 0:00:08]} 17. Bc2 {[%emt 0:01:58]} Rf7 {[%emt 0:00:19]} 18. Qd2 {
[%emt 0:01:26]} Bxf4 {[%emt 0:00:11]} 19. Nxf4 {[%emt 0:00:08]} Qd6 {[%emt 0:
00:15] Le GMI a joué l'ouverture а tempo et il disposait а ce moment de 07
minutes de plus qu'au début de la partie!} 20. Ne2 {[%emt 0:01:22]} Bd7 {
[%emt 0:02:20]} 21. Rad1 {[%emt 0:01:41]} ({RR} 21. Rfe1 Rc8 22. Rac1 Be8 23.
Ba4 Ng6 24. Bxc6 Bxc6 25. Ne5 Nxe5 26. dxe5 Qxe5 27. Nd4 Qf4 28. Qxf4 Rxf4 29.
Nxe6 Rb4 30. b3 Re8 31. f3 a5 32. Kf2 a4 33. Nc5 axb3 34. Rxe8+ Bxe8 35. Nxb3
d4 {Korneev,O (2584)-Lugovskoy,M (2376)/Belorechensk 2012/Mega2012 Update 25/1/
2-1/2 (58)}) 21... Be8 {[%emt 0:01:43]} 22. Qe3 {[%emt 0:05:44] Probablement
le 01er coup hors préparation du français qui était également trés bien
préparé!} Rc7 $146 {[%emt 0:03:42][%cal Ga8c8,Gc7e7]} (22... Nb4 23. Bb1 Bb5
24. Rfe1 Bxe2 25. Rxe2 Rc7 26. Ne5 Nc6 27. Nd3 Nb4 28. Nf4 Rac8 29. g3 Nc6 30.
Qd2 Nd8 31. h4 Qb6 32. Kg2 Rc4 33. Qe3 Qc7 34. Ree1 Qf7 35. Bd3 R4c7 36. Re2
Qf6 37. Nh5 {Sermek,D (2545)-Dimitrov,V (2464)/Pardubice 1999/EXT 2000/1/2-1/2
(60)}) 23. Nc3 {[%emt 0:33:48]} a6 {[%emt 0:04:49]} 24. Rfe1 {[%emt 0:01:43]}
Rac8 {[%emt 0:10:28]} (24... Re7 $5 25. Ne5 $14 {[%csl Gc2,Re8]}) 25. Bb1 {
[%emt 0:07:17]} Bh5 $11 {[%emt 0:11:15] Le mauvais B s'est activé et la
faiblesse "e6" est facile а protéger} 26. Rd2 {[%emt 0:05:20]} b5 {[%emt 0:07:
54]} 27. h3 $6 {[%emt 0:06:41] Trop lent et le GMI va prendre l'initiative} (
27. Ne5 $142 Na5 28. f4 Nc4 29. Nxc4 Rxc4 30. Bd3 R4c7 31. Rf2 b4 32. Na4 {
[%cal Ga4c5]} Re8 33. Nc5 $16 {[%csl Gc5,Re6]}) 27... Na5 $1 {[%emt 0:03:56]
[%csl Gc4]} 28. Ne5 {[%emt 0:00:40]} Nc4 $1 {[%emt 0:04:47]} 29. Nxc4 {[%emt 0:
00:16]} Rxc4 {[%emt 0:00:06]} 30. Bd3 {[%emt 0:07:24]} R4c6 {[%emt 0:00:53]}
31. a4 {[%emt 0:02:00]} b4 {[%emt 0:04:41]} 32. Ne2 {[%emt 0:00:09]} Bf7 {
[%emt 0:04:51]} 33. Rdd1 {[%emt 0:05:19]} b3 $5 {[%emt 0:09:17][%csl Rd4][%cal
Gd6b4,Gb4a4]} 34. Nc3 {[%emt 0:07:42]} Bg6 $1 {[%emt 0:04:57][%csl Gb3,Rc2]
Echange non seulement le mauvais B mais les Blancs auront maintenant du mal а
contrôler la case "c2"} 35. g3 {[%emt 0:02:58]} Qb4 {[%emt 0:03:16]} 36. Qe2 {
[%emt 0:00:28]} Bxd3 {[%emt 0:01:17]} 37. Rxd3 $138 {[%emt 0:00:02] Joué а
tempo mais Qd3 était une autre option valable pour éviter le clouage au coup
suivant} (37. Qxd3 $5) 37... Qc4 $1 $15 {[%emt 0:05:34]} 38. Qd2 {[%emt 0:00:
41][%csl Rd2,Rd3] Les pièces Noires commecent а être un peu plus actives} Ng6
$5 {[%emt 0:01:46][%csl Rd4][%cal Gg6e7,Ge7f5]} 39. Qd1 {[%emt 0:01:24]} Ne7 {
[%emt 0:03:33]} (39... Re8 40. Rde3) 40. Rde3 $1 $132 {[%emt 0:00:00][%csl Re6]
} Nf5 {[%emt 0:00:00]} 41. Rxe6 {[%emt 0:01:45]} Rxe6 {[%emt 0:06:04]} 42. Rxe6
{[%emt 0:00:04]} Nxd4 {[%emt 0:00:11]} 43. Re5 {[%emt 0:05:55][%csl Rd5]} Rd8 {
[%emt 0:08:15]} 44. Qh5 $6 {[%emt 0:05:07]} (44. Kg2 $5 {[%csl Rf3,Rf7,Rg8]
[%cal Gd1h5,Ge5e7] Libère la Q Blanche de la surveillance de la case "f3" en
évitant un échec intermédiaire} Nc2 45. Nxd5 (45. Qh5 d4 46. Nd5 Rxd5 $1 47.
Rxd5 Qc6 {[%csl Rg2][%cal Gc2b4]}) 45... Ne1+ $1 46. Qxe1 Rxd5 47. Re4 {
Malgré le P de plus, les chances de gain des Blancs sont assez minces}) 44...
Qd3 {[%emt 0:07:13]} 45. Rxd5 {[%emt 0:14:42]} (45. Re7 $5 {[%cal Gh5f7]} Qf3
46. Qe5 $36 {[%cal Ge5g7]}) 45... Nf3+ $1 {[%emt 0:04:53]} 46. Qxf3 {[%emt 0:
00:09]} Qxf3 {[%emt 0:00:06]} 47. Rxd8+ {[%emt 0:00:06]} Kh7 {[%emt 0:00:40]}
48. h4 $6 {[%emt 0:02:48]} (48. Rd2 $11 {[%cal Gd2e2,Ge2d2,Gg1h2] Si les
Blancs veulent annuler c'est peut-être une meilleure contruction de forteresse
en évitant d'affaiblir la case "g4". Les blancs se contentent ensuite de
répéter les coups par Rd2de2d2 ou Kh2g1 et les Noirs ont des difficultés а
progresser. Au surplus, répéter les coups sans prendre de prise de risques
permet aussi de gagner du temps avec l'incrément.} Qf5 49. Kh2 g5 50. Kg2)
48... Qf5 {[%emt 0:05:43]} 49. Rd2 {[%emt 0:00:30]} Qe5 {[%emt 0:00:22]} 50.
Kg2 {[%emt 0:00:48]} (50. Kh2) 50... Qe6 {[%emt 0:01:04]} 51. Re2 {[%emt 0:00:
22]} Qc6+ {[%emt 0:00:11]} 52. Kg1 $11 {[%emt 0:00:34]} Kg6 {[%emt 0:00:09]}
53. Kh2 {[%emt 0:00:29]} Kf5 {[%emt 0:00:15]} 54. Rd2 {[%emt 0:00:12]} g5 {
[%emt 0:01:27]} 55. hxg5 {[%emt 0:00:10]} hxg5 {[%emt 0:00:17]} 56. Rd5+ {
[%emt 0:00:40]} Kg6 {[%emt 0:01:54]} 57. Rd2 {[%emt 0:03:09]} Kh5 $1 {[%emt 0:
00:18][%csl Gg4] Illustrant le problème d'avoir poussé h4 auparavant} 58. Re2 {
[%emt 0:00:22]} Kg4 $15 {[%emt 0:02:02] Les Noirs ont un peu progressé et il
est difficile de parer Kf3} 59. Rd2 {[%emt 0:01:11]} Kf3 {[%emt 0:04:08][%csl
Rh2][%cal Gc6h6]} 60. Kg1 {[%emt 0:00:12]} Qc4 {[%emt 0:02:26]} 61. Re2 $4 {
[%emt 0:00:14]} (61. Kh2 $2 Qf1) (61. Rd5 $1 {[%cal Gd5d2]}) 61... Qxc3 {
[%emt 0:01:05]} 0-1